[Event "FIDE WCC Rapid Open 2019"]
[Site "Moscow"]
[Date "2019.12.26"]
[Round "1.2"]
[White "Castellanos Rodriguez, Renier"]
[Black "Vachier-Lagrave, Maxime"]
[Result "1/2-1/2"]
[WhiteElo "2563"]
[BlackElo "2873"]
[Annotator "TA"]
[PlyCount "73"]
[EventDate "2019.12.26"]
[EventType "swiss"]
[EventCountry "RUS"]
[Tiebreak "Cut2 Buchholz+Sum of Buchholz"]
[SourceTitle "playchess.com"]
[Source "ChessBase"]
[SourceQuality "1"]

1. e4 c5 2. Nf3 d6 3. Bb5+ Nd7 4. c3 Ngf6 5. Bd3 g6 6. Bc2 b5 7. d4 cxd4 8.
cxd4 Bb7 9. Nbd2 Bg7 10. O-O O-O 11. Re1 Rc8 12. Bd3 a6 13. a4 b4 14. Nb3 a5
15. h3 e5 16. d5 Nh5 17. Bg5 Bf6 18. Bh6 Re8 19. Bb5 Re7 20. Rc1 Nb8 21. Qd2
Rxc1 22. Rxc1 Rc7 23. Rxc7 Qxc7 24. Qc1 Bd8 25. Qxc7 Bxc7 26. Nfd2 f5 27. g4
Nf6 28. f3 Ba6 29. Bxa6 Nxa6 30. Be3 Kf7 31. Kf1 Nd7 32. Nc4 fxe4 33. fxe4 Nf6
34. Nbd2 Nd7 35. Nb3 Nf6 36. Nbd2 Nd7 37. Nb3 1/2-1/2

[Event "FIDE WCC Rapid Open 2019"]
[Site "Moscow"]
[Date "2019.12.26"]
[Round "1.6"]
[White "Gasanov, Eldar"]
[Black "Aronian, Levon"]
[Result "0-1"]
[WhiteElo "2560"]
[BlackElo "2784"]
[Annotator "TA"]
[PlyCount "46"]
[EventDate "2019.12.26"]
[EventType "swiss"]
[EventCountry "RUS"]
[Tiebreak "Cut2 Buchholz+Sum of Buchholz"]
[SourceTitle "playchess.com"]
[Source "ChessBase"]
[SourceQuality "1"]

1. d4 Nf6 2. c4 e6 3. Nc3 Bb4 4. e3 O-O 5. Bd2 d5 6. Nf3 Nbd7 7. Rc1 Re8 8. Qc2
a6 9. Bd3 dxc4 10. Bxc4 b5 11. Be2 Bb7 12. O-O Rc8 13. a3 Bd6 14. b4 e5 15.
dxe5 Nxe5 16. Nd4 c5 17. bxc5 Bxc5 18. Qa2 Bxd4 19. exd4 Qxd4 20. Be3 Qh4 21.
h3 Nc4 22. Nd1 Bd5 23. Qa1 Rcd8 0-1

[Event "FIDE WCC Rapid Open 2019"]
[Site "Moscow"]
[Date "2019.12.26"]
[Round "1.9"]
[White "Andreikin, Dmitry"]
[Black "Novikov, Stanislav"]
[Result "1-0"]
[WhiteElo "2748"]
[BlackElo "2544"]
[Annotator "TA"]
[PlyCount "75"]
[EventDate "2019.12.26"]
[EventType "swiss"]
[EventCountry "RUS"]
[Tiebreak "Cut2 Buchholz+Sum of Buchholz"]
[SourceTitle "playchess.com"]
[Source "ChessBase"]
[SourceQuality "1"]

1. e4 c5 2. Nc3 e6 3. Nge2 a6 4. d4 cxd4 5. Nxd4 Qc7 6. g4 Bb4 7. Bd2 Nc6 8.
Nxc6 bxc6 9. Qf3 Ne7 10. Qg3 Qxg3 11. hxg3 e5 12. O-O-O d6 13. g5 Bg4 14. Be2
Bxe2 15. Nxe2 Bxd2+ 16. Rxd2 O-O-O 17. Rd3 h6 18. gxh6 Rxh6 19. Rxh6 gxh6 20.
Ra3 Kb7 21. Rf3 Rf8 22. Rf6 Kc7 23. Rxh6 f5 24. Rh7 Kd8 25. exf5 Rxf5 26. f4
exf4 27. Nxf4 Re5 28. Kd2 d5 29. a4 Re4 30. b3 Nf5 31. Nd3 Nxg3 32. Nc5 Re7 33.
Rh6 Kc7 34. Nxa6+ Kb6 35. Nb4 Ne4+ 36. Kc1 Kc5 37. Nd3+ Kb6 38. Kb2 1-0

[Event "FIDE WCC Rapid Open 2019"]
[Site "Moscow"]
[Date "2019.12.26"]
[Round "1.14"]
[White "Geller, Jakov"]
[Black "Nepomniachtchi, Ian"]
[Result "0-1"]
[WhiteElo "2536"]
[BlackElo "2745"]
[Annotator "RC"]
[PlyCount "107"]
[EventDate "2019.12.26"]
[EventType "swiss"]
[EventCountry "RUS"]
[Tiebreak "Cut2 Buchholz+Sum of Buchholz"]
[SourceTitle "playchess.com"]
[Source "ChessBase"]
[SourceQuality "1"]

1. e4 c5 2. Nf3 d6 3. Bb5+ Nd7 4. c3 a6 5. Ba4 Ngf6 6. Qe2 g6 7. O-O Bg7 8. d4
b5 9. Bc2 Bb7 10. a4 O-O 11. d5 Re8 12. Rd1 b4 13. cxb4 cxb4 14. Nbd2 Rc8 15.
Nb3 e6 16. dxe6 Rxe6 17. Ng5 Re7 18. Be3 d5 19. Bd3 h6 20. Nh3 Ra8 21. Nc5 Nxc5
22. Bxc5 Re8 23. Bxb4 Nxe4 24. Bxe4 Rxe4 25. Qd2 d4 26. f3 Re3 27. Bc5 Qd5 28.
Qxe3 dxe3 29. Rxd5 Bxd5 30. Bxe3 Bxb2 31. Rb1 Bg7 32. Nf4 Bc6 33. a5 Rd8 34.
Kf2 Bb5 35. Rc1 Bf6 36. Ne2 Rd3 37. Bxh6 g5 38. h4 Rd2 39. Re1 Bc3 40. Bxg5 Ra2
41. Rc1 Rxe2+ 42. Kg3 Bxa5 43. Bf6 Re6 44. Rc8+ Re8 45. Rxe8+ Bxe8 46. Kf4 Bd2+
47. Ke4 Bb5 48. g4 a5 49. h5 a4 50. g5 a3 51. g6 Bc1 52. Be7 a2 53. Bf6 Bh6 54.
Kd4 0-1

[Event "FIDE WCC Rapid Open 2019"]
[Site "Moscow"]
[Date "2019.12.26"]
[Round "1.14"]
[White "Tissir, Mohamed"]
[Black "Grigoriants, Sergey"]
[Result "1/2-1/2"]
[WhiteElo "2356"]
[BlackElo "2603"]
[Annotator "ChessBase"]
[PlyCount "158"]
[EventDate "2019.12.26"]
[EventType "swiss"]
[EventCountry "RUS"]
[Tiebreak "Cut2 Buchholz+Sum of Buchholz"]
[SourceTitle "playchess.com"]
[Source "ChessBase"]
[SourceQuality "1"]

1. e4 c6 2. d4 d5 3. Nc3 dxe4 4. Nxe4 Bf5 5. Ng3 Bg6 6. Nf3 e6 7. Bd3 Nf6 8.
O-O Nbd7 9. Re1 Be7 10. b3 O-O 11. Bb2 a5 12. a3 b5 13. Qe2 Bxd3 14. Qxd3 Re8
15. Rad1 b4 16. a4 Nd5 17. Ne4 Qc7 18. g3 Rad8 19. Neg5 Bxg5 20. Nxg5 N7f6 21.
Nf3 Ne7 22. Qc4 Rd5 23. Ne5 Red8 24. Rd3 Nd7 25. Nxd7 R5xd7 26. Red1 h6 27.
R3d2 Qb6 28. Qe2 Nf5 29. Qe4 Rd5 30. Rd3 Qc7 31. Kg2 Qd7 32. R1d2 Qb7 33. Kg1
Qa6 34. Kg2 Nd6 35. Qf3 Qa7 36. Kg1 Qe7 37. Rd1 Rf5 38. Qe2 Qd7 39. R1d2 Rd5
40. Qf3 Ne8 41. Qe2 Nf6 42. Qf3 Rf5 43. Qe2 Nd5 44. Rf3 Rxf3 45. Qxf3 Ne7 46.
Rd3 Qd5 47. Qe2 Nf5 48. Qe1 h5 49. h4 Nh6 50. Qe3 Qf5 51. Qf3 Qxf3 52. Rxf3 Nf5
53. Rd3 f6 54. Kg2 Kf7 55. Kf3 Ne7 56. Ke4 Nd5 57. Rd2 Ke7 58. Rd3 Kd6 59. Rd2
g5 60. hxg5 fxg5 61. Rd1 Rf8 62. Rf1 h4 63. gxh4 Rf4+ 64. Kd3 gxh4 65. Bc1 Rf3+
66. Ke2 Rc3 67. Kd2 Rh3 68. Ke2 Nc3+ 69. Ke1 Rf3 70. Be3 Nd5 71. Bg5 h3 72. Rh1
Ne7 73. Ke2 Rc3 74. Kd2 Nf5 75. Be3 Kd5 76. Rxh3 Nxd4 77. Rh5+ e5 78. Bxd4 Kxd4
79. Rh4+ e4 1/2-1/2

[Event "FIDE WCC Rapid Open 2019"]
[Site "Moscow"]
[Date "2019.12.26"]
[Round "1.15"]
[White "Jobava, Baadur"]
[Black "Gajewski, Grzegorz"]
[Result "1-0"]
[WhiteElo "2702"]
[BlackElo "2516"]
[Annotator "RC"]
[PlyCount "64"]
[EventDate "2019.12.26"]
[EventType "swiss"]
[EventCountry "RUS"]
[Tiebreak "Cut2 Buchholz+Sum of Buchholz"]
[SourceTitle "playchess.com"]
[Source "ChessBase"]
[SourceQuality "1"]

1. b3 d5 2. Bb2 Bg4 3. f3 Bf5 4. e3 e6 5. Nc3 Nc6 6. Bb5 Nge7 7. Nge2 a6 8.
Bxc6+ Nxc6 9. O-O Bd6 10. Kh1 Qh4 11. g3 Qe7 12. d3 O-O-O 13. a3 h5 14. b4 g5
15. b5 Ne5 16. bxa6 bxa6 17. Ng1 g4 18. f4 h4 19. Qe1 hxg3 20. Qxg3 Nf3 21.
Nxf3 Rh3 22. Qg2 Rdh8 23. Nxd5 exd5 24. Bxh8 gxf3 25. Qg8+ Kd7 26. Rf2 Bg6 27.
Raf1 Qxe3 28. Be5 Bxe5 29. fxe5 Qxe5 30. Qa8 Qd6 31. Re1 f6 32. Qg8 Bf5 1-0

[Event "FIDE WCC Rapid Open 2019"]
[Site "Moscow"]
[Date "2019.12.26"]
[Round "1.20"]
[White "Faizrakhmanov, Ramil"]
[Black "Zubov, Alexander"]
[Result "0-1"]
[WhiteElo "2500"]
[BlackElo "2688"]
[Annotator "TA"]
[PlyCount "34"]
[EventDate "2019.12.26"]
[EventType "swiss"]
[EventCountry "RUS"]
[Tiebreak "Cut2 Buchholz+Sum of Buchholz"]
[SourceTitle "playchess.com"]
[Source "ChessBase"]
[SourceQuality "1"]

1. d4 Nf6 2. c4 e6 3. Nf3 b6 4. g3 c6 5. Nc3 d5 6. Bg2 Nbd7 7. O-O Bb7 8. e4
dxc4 9. a4 a6 10. Qe2 b5 11. Rd1 Be7 12. d5 cxd5 13. exd5 exd5 14. axb5 axb5
15. Rxa8 Bxa8 16. Nh4 O-O 17. Nf5 Re8 0-1

[Event "FIDE WCC Rapid Open 2019"]
[Site "Moscow"]
[Date "2019.12.26"]
[Round "1.24"]
[White "Lobanov, Sergei"]
[Black "Laznicka, Viktor"]
[Result "0-1"]
[WhiteElo "2483"]
[BlackElo "2678"]
[Annotator "RC"]
[PlyCount "96"]
[EventDate "2019.12.26"]
[EventType "swiss"]
[EventCountry "RUS"]
[Tiebreak "Cut2 Buchholz+Sum of Buchholz"]
[SourceTitle "playchess.com"]
[Source "ChessBase"]
[SourceQuality "1"]

1. e4 d5 2. exd5 Qxd5 3. Nc3 Qa5 4. d4 Nf6 5. Bc4 Bg4 6. Nge2 e6 7. O-O Bd6 8.
Qe1 O-O 9. Nd5 Qxe1 10. Nxf6+ gxf6 11. Rxe1 Bf5 12. c3 Nd7 13. Ng3 Bg6 14. Bh6
Rfe8 15. h4 Bxg3 16. fxg3 Bh5 17. d5 Ne5 18. Bb5 Re7 19. Bf4 exd5 20. Re3 c6
21. Bf1 Rae8 22. Rae1 Kg7 23. Bd3 Bg4 24. Bc2 h5 25. Kf1 Re6 26. Kf2 Nc4 27.
Rxe6 fxe6 28. b3 Nb6 29. Be3 Nd7 30. a4 a6 31. b4 e5 32. Rb1 Rc8 33. Ke1 Kf7
34. Kd2 Ke6 35. Rf1 Rd8 36. Bd3 Rg8 37. Bc2 Nf8 38. Bd3 Ng6 39. Bxg6 Rxg6 40.
b5 cxb5 41. axb5 axb5 42. Bf2 Bf5 43. Ra1 b4 44. cxb4 Rg4 45. b5 Rb4 46. Kc3
Rxb5 47. Ra2 d4+ 48. Kc4 Rb1 0-1

[Event "FIDE WCC Rapid Open 2019"]
[Site "Moscow"]
[Date "2019.12.26"]
[Round "1.35"]
[White "Indjic, Aleksandar"]
[Black "Al Mutairi, Hassan S"]
[Result "1-0"]
[WhiteElo "2572"]
[BlackElo "2004"]
[Annotator "ChessBase"]
[PlyCount "163"]
[EventDate "2019.12.26"]
[EventType "swiss"]
[EventCountry "RUS"]
[Tiebreak "Cut2 Buchholz+Sum of Buchholz"]
[SourceTitle "playchess.com"]
[Source "ChessBase"]
[SourceQuality "1"]

1. e4 c5 2. Nf3 d6 3. Bb5+ Bd7 4. Bxd7+ Qxd7 5. O-O Nf6 6. e5 dxe5 7. Nxe5 Qc7
8. d4 e6 9. Bf4 Bd6 10. Nc3 a6 11. Bg3 Nc6 12. Nxc6 Bxg3 13. hxg3 Qxc6 14. dxc5
Qxc5 15. Qf3 Qc7 16. Rad1 O-O 17. Rd3 Rad8 18. Rfd1 Rxd3 19. Qxd3 h6 20. Qd4
Rc8 21. a4 Qc6 22. Qb4 Qc7 23. Rd6 Qe7 24. Rb6 Qxb4 25. Rxb4 Rc7 26. Kf1 Kf8
27. Ke2 Ke7 28. Kd3 Kd7 29. Rd4+ Kc8 30. f3 Rd7 31. g4 Kc7 32. Rxd7+ Nxd7 33.
Kd4 Kc6 34. b4 Nf6 35. Kc4 Ne8 36. b5+ Kb6 37. Kb4 axb5 38. axb5 Nf6 39. Na4+
Kc7 40. c4 Nd7 41. c5 Ne5 42. Kc3 Ng6 43. Kb4 Nf4 44. g3 Nd3+ 45. Kc3 Ne5 46.
f4 Nxg4 47. Nb6 Ne3 48. Na8+ Kb8 49. Nb6 Kc7 50. Na8+ Kd8 51. Kb4 Nd5+ 52. Kc4
Kc8 53. c6 bxc6 54. bxc6 Kb8 55. c7+ Kb7 56. Kc5 Nxc7 57. Nb6 Na6+ 58. Kb5 Nb8
59. Nc4 Kc7 60. Kc5 Kd7 61. Nb6+ Ke7 62. Nc8+ Kf6 63. Nd6 Nd7+ 64. Kc6 Nf8 65.
Ne8+ Kg6 66. Kd6 Nh7 67. Ke7 Nf6 68. Nd6 Nd5+ 69. Kf8 f6 70. Ne8 e5 71. Nxg7 e4
72. Ne6 e3 73. Nd4 Nc3 74. g4 e2 75. Nf3 Nd5 76. f5+ Kh7 77. Kf7 Ne3 78. Kxf6
Nxg4+ 79. Ke6 h5 80. f6 Nxf6 81. Kf5 h4 82. Kf4 1-0

[Event "FIDE WCC Rapid Open 2019"]
[Site "Moscow"]
[Date "2019.12.26"]
[Round "1.39"]
[White "Donchenko, Alexander"]
[Black "Al Thebaiti, Ahmed M"]
[Result "1-0"]
[WhiteElo "2567"]
[BlackElo "1841"]
[Annotator "ChessBase"]
[PlyCount "51"]
[EventDate "2019.12.26"]
[EventType "swiss"]
[EventCountry "RUS"]
[Tiebreak "Cut2 Buchholz+Sum of Buchholz"]
[SourceTitle "playchess.com"]
[Source "ChessBase"]
[SourceQuality "1"]

1. d4 d5 2. Nf3 Nf6 3. c4 c6 4. Qb3 dxc4 5. Qxc4 Bf5 6. g3 e6 7. Bg2 h6 8. O-O
Nbd7 9. Qb3 Qb6 10. Nbd2 Qxb3 11. axb3 Bd6 12. Nc4 Bc7 13. Bd2 Nb6 14. Bb4 Nbd5
15. Bd6 b5 16. Bxc7 bxc4 17. Bd6 cxb3 18. Ne5 Be4 19. f3 Bc2 20. Ra6 Ne3 21.
Rfa1 Rd8 22. Rxc6 Nf5 23. Bc5 Nd7 24. Nxd7 Kxd7 25. f4 Ne3 26. Rxa7+ 1-0

[Event "FIDE WCC Rapid Open 2019"]
[Site "Moscow"]
[Date "2019.12.26"]
[Round "2.17"]
[White "Guseinov, Gadir"]
[Black "Romanov, Evgeny"]
[Result "1-0"]
[WhiteElo "2691"]
[BlackElo "2571"]
[Annotator "TA"]
[PlyCount "47"]
[EventDate "2019.12.26"]
[EventType "swiss"]
[EventCountry "RUS"]
[Tiebreak "Cut2 Buchholz+Sum of Buchholz"]
[SourceTitle "playchess.com"]
[Source "ChessBase"]
[SourceQuality "1"]

1. e4 e5 2. Nf3 Nc6 3. Bb5 g6 4. d4 exd4 5. Bg5 Be7 6. Bxe7 Qxe7 7. Bxc6 dxc6
8. Qxd4 Nf6 9. Nc3 Bg4 10. O-O-O Bxf3 11. gxf3 O-O 12. Qe3 b6 13. Ne2 Rad8 14.
Ng3 Qe6 15. Kb1 Rd7 16. h4 Rfd8 17. Rdg1 Qd6 18. a3 Qd2 19. Qb3 c5 20. h5 Rd4
21. hxg6 hxg6 22. Nf5 c4 23. Qb5 Qxf2 24. e5 1-0

[Event "FIDE WCC Rapid Open 2019"]
[Site "Moscow"]
[Date "2019.12.26"]
[Round "2.25"]
[White "Zubov, Alexander"]
[Black "Donchenko, Alexander"]
[Result "1-0"]
[WhiteElo "2688"]
[BlackElo "2567"]
[Annotator "TA"]
[PlyCount "63"]
[EventDate "2019.12.26"]
[EventType "swiss"]
[EventCountry "RUS"]
[Tiebreak "Cut2 Buchholz+Sum of Buchholz"]
[SourceTitle "playchess.com"]
[Source "ChessBase"]
[SourceQuality "1"]

1. d4 Nf6 2. Nf3 d5 3. c4 e6 4. e3 a6 5. b3 c5 6. Bb2 cxd4 7. exd4 Bd6 8. Bd3
O-O 9. O-O b6 10. Qe2 Bb7 11. Nbd2 Qe7 12. Rad1 Nc6 13. Ne5 Ba3 14. Ba1 Rfd8
15. Ndf3 dxc4 16. bxc4 Nxe5 17. Nxe5 Nd7 18. f4 Rac8 19. Rb1 b5 20. c5 Nxe5 21.
fxe5 Qh4 22. Rb3 Rxd4 23. Rxa3 Rg4 24. Rf2 b4 25. Ra5 Rd8 26. c6 Bxc6 27. Rxa6
Be4 28. Rd6 Rc8 29. Bb2 Bc6 30. Qd2 h5 31. Be2 Rg6 32. Ba6 1-0

[Event "FIDE WCC Rapid Open 2019"]
[Site "Moscow"]
[Date "2019.12.26"]
[Round "2.26"]
[White "Vishnu Prasanna. V"]
[Black "Ponkratov, Pavel"]
[Result "0-1"]
[WhiteElo "2438"]
[BlackElo "2687"]
[Annotator "TA"]
[PlyCount "54"]
[EventDate "2019.12.26"]
[EventType "swiss"]
[EventCountry "RUS"]
[Tiebreak "Cut2 Buchholz+Sum of Buchholz"]
[SourceTitle "playchess.com"]
[Source "ChessBase"]
[SourceQuality "1"]

1. d4 Nf6 2. c4 e6 3. Nf3 c5 4. Nc3 cxd4 5. Nxd4 Nc6 6. Bf4 d5 7. e3 Bb4 8. Qc2
O-O 9. O-O-O Bxc3 10. Qxc3 Ne4 11. Qe1 Qb6 12. f3 Nc5 13. Kb1 e5 14. Nxc6 Qxc6
15. Bxe5 Bf5+ 16. Kc1 Qa4 17. Qc3 Qxa2 18. Kd2 f6 19. Bd4 Nb3+ 20. Ke1 Rfc8 21.
Kf2 Qa4 22. Be2 dxc4 23. Bxf6 gxf6 24. Qxf6 Rf8 25. Qg5+ Kh8 26. Rd6 Nc5 27. e4
Nd3+ 0-1

[Event "FIDE WCC Rapid Open 2019"]
[Site "Moscow"]
[Date "2019.12.26"]
[Round "2.41"]
[White "Frolyanov, Dmitry"]
[Black "Dominguez Perez, Leinier"]
[Result "0-1"]
[WhiteElo "2527"]
[BlackElo "2755"]
[Annotator "TA"]
[PlyCount "32"]
[EventDate "2019.12.26"]
[EventType "swiss"]
[EventCountry "RUS"]
[Tiebreak "Cut2 Buchholz+Sum of Buchholz"]
[SourceTitle "playchess.com"]
[Source "ChessBase"]
[SourceQuality "1"]

1. e4 c5 2. Nf3 d6 3. d4 cxd4 4. Nxd4 Nf6 5. Nc3 a6 6. Bg5 Nbd7 7. Qe2 Qc7 8.
O-O-O e6 9. f4 b5 10. a3 Be7 11. g4 h6 12. Bh4 Rb8 13. Bg3 b4 14. axb4 Rxb4 15.
e5 dxe5 16. fxe5 Nh7 0-1

[Event "FIDE WCC Rapid Open 2019"]
[Site "Moscow"]
[Date "2019.12.26"]
[Round "2.44"]
[White "Salem, A.R. Saleh"]
[Black "Triapishko, Alexandr"]
[Result "1-0"]
[WhiteElo "2717"]
[BlackElo "2531"]
[Annotator "TA"]
[PlyCount "73"]
[EventDate "2019.12.26"]
[EventType "swiss"]
[EventCountry "RUS"]
[Tiebreak "Cut2 Buchholz+Sum of Buchholz"]
[SourceTitle "playchess.com"]
[Source "ChessBase"]
[SourceQuality "1"]

1. d4 Nf6 2. c4 e6 3. Nc3 Bb4 4. e3 O-O 5. Bd3 d5 6. cxd5 exd5 7. Nge2 c5 8.
O-O b6 9. a3 Bxc3 10. bxc3 Ba6 11. Bxa6 Nxa6 12. f3 Nc7 13. Ng3 Re8 14. Ra2 Qd7
15. a4 cxd4 16. cxd4 Rac8 17. Qd3 Ne6 18. Raf2 Qxa4 19. Nf5 Qc6 20. Ba3 Qc3 21.
Qa6 Rc7 22. Bd6 Qc4 23. Qa3 Qc3 24. Qa6 Qc4 25. Qa1 Rd7 26. Be5 Qd3 27. g4 Ng5
28. Rd1 Qb5 29. Kg2 Re6 30. Rb2 Qc6 31. Rc1 Qb7 32. h4 Nge4 33. fxe4 Nxg4 34.
Qxa7 Re8 35. Qxb7 Rxb7 36. Nd6 Nxe5 37. dxe5 1-0

[Event "FIDE WCC Rapid Open 2019"]
[Site "Moscow"]
[Date "2019.12.26"]
[Round "2.47"]
[White "Narayanan, Srinath"]
[Black "Meier, Georg"]
[Result "0-1"]
[WhiteElo "2526"]
[BlackElo "2710"]
[Annotator "TA"]
[PlyCount "48"]
[EventDate "2019.12.26"]
[EventType "swiss"]
[EventCountry "RUS"]
[Tiebreak "Cut2 Buchholz+Sum of Buchholz"]
[SourceTitle "playchess.com"]
[Source "ChessBase"]
[SourceQuality "1"]

1. e4 e6 2. d4 d5 3. Nd2 dxe4 4. Nxe4 Nd7 5. Nf3 Ngf6 6. Nxf6+ Nxf6 7. Bg5 h6
8. Be3 Bd6 9. Bd3 O-O 10. Qe2 b6 11. O-O-O Bb7 12. Kb1 c5 13. c3 Nd5 14. Bc2
Qc7 15. Bc1 Rfd8 16. h4 Bf4 17. Be3 Nf6 18. Rh3 Rac8 19. g4 Nxg4 20. Rg1 h5 21.
dxc5 Bxe3 22. fxe3 Bxf3 23. Rxf3 Qxc5 24. Rfg3 Rd6 0-1

[Event "FIDE WCC Rapid Open 2019"]
[Site "Moscow"]
[Date "2019.12.26"]
[Round "2.77"]
[White "Pashikian, Arman"]
[Black "Batchuluun, Tsegmed"]
[Result "1/2-1/2"]
[WhiteElo "2593"]
[BlackElo "2448"]
[Annotator "ChessBase"]
[PlyCount "99"]
[EventDate "2019.12.26"]
[EventType "swiss"]
[EventCountry "RUS"]
[Tiebreak "Cut2 Buchholz+Sum of Buchholz"]
[SourceTitle "playchess.com"]
[Source "ChessBase"]
[SourceQuality "1"]

1. d4 Nf6 2. c4 e6 3. Nf3 d5 4. g3 dxc4 5. Bg2 Nc6 6. Qa4 Bb4+ 7. Bd2 Nd5 8.
Bxb4 Ndxb4 9. O-O Rb8 10. Na3 O-O 11. Qb5 b6 12. Qxc4 Ba6 13. Nb5 Qd5 14. Qxd5
Nxd5 15. a4 Na5 16. Ne5 Rbd8 17. Nxa7 Nb4 18. Nb5 Bxb5 19. axb5 Rxd4 20. Rac1
f6 21. Nf3 Rd7 22. Rfd1 Rfd8 23. Rxd7 Rxd7 24. e3 c5 25. bxc6 Naxc6 26. Bf1 Rd6
27. Bb5 Kf7 28. Rc4 Ke7 29. h4 Rd1+ 30. Kg2 Kd6 31. h5 Rd5 32. Bxc6 Nxc6 33.
Rg4 Rxh5 34. Rxg7 Rb5 35. Nd2 Na5 36. Rxh7 f5 37. b3 Nxb3 38. Nf3 Rc5 39. Ng5
Rc6 40. e4 b5 41. Rh6 Kd7 42. Rh7+ Kd6 43. Rh6 Kd7 44. Nf3 Rc5 45. Rh7+ Kc6 46.
Rh6 Kd7 47. Rh7+ Kc6 48. Rh6 Kd7 49. Rh7+ Kc6 50. Rh6 1/2-1/2

[Event "FIDE WCC Rapid Open 2019"]
[Site "Moscow"]
[Date "2019.12.26"]
[Round "2.83"]
[White "Harsha Bharathakoti"]
[Black "Gasanov, Eldar"]
[Result "1-0"]
[WhiteElo "2418"]
[BlackElo "2560"]
[Annotator "ChessBase"]
[PlyCount "67"]
[EventDate "2019.12.26"]
[EventType "swiss"]
[EventCountry "RUS"]
[Tiebreak "Cut2 Buchholz+Sum of Buchholz"]
[SourceTitle "playchess.com"]
[Source "ChessBase"]
[SourceQuality "1"]

1. d4 Nf6 2. c4 e6 3. Nf3 Bb4+ 4. Nbd2 O-O 5. a3 Be7 6. e4 d6 7. Bd3 Nfd7 8.
O-O e5 9. d5 a5 10. Bc2 Nc5 11. b3 c6 12. Rb1 cxd5 13. exd5 Bd7 14. Bb2 b5 15.
b4 axb4 16. axb4 Nca6 17. c5 Nxb4 18. cxd6 Bxd6 19. Bxe5 Bxe5 20. Nxe5 Nxd5 21.
Nxd7 Qxd7 22. Ne4 Na6 23. Qd3 f5 24. Bb3 Nab4 25. Nc5 Qc6 26. Qd4 Kh8 27. Rfe1
Rfe8 28. Nd3 Rxe1+ 29. Rxe1 Qf6 30. Ne5 Rd8 31. Qa7 Nc6 32. Nf7+ Kg8 33. Nxd8
Nxa7 34. Re8+ 1-0

[Event "FIDE WCC Rapid Open 2019"]
[Site "Moscow"]
[Date "2019.12.26"]
[Round "3.9"]
[White "Socko, Bartosz"]
[Black "Smirin, Ilia"]
[Result "0-1"]
[WhiteElo "2691"]
[BlackElo "2584"]
[Annotator "TA"]
[PlyCount "46"]
[EventDate "2019.12.26"]
[EventType "swiss"]
[EventCountry "RUS"]
[Tiebreak "Cut2 Buchholz+Sum of Buchholz"]
[SourceTitle "playchess.com"]
[Source "ChessBase"]
[SourceQuality "1"]

1. d4 Nf6 2. c4 g6 3. Nf3 Bg7 4. g3 O-O 5. Bg2 d6 6. O-O Nc6 7. Nc3 Bf5 8. Ne1
Re8 9. e4 Bd7 10. d5 Na5 11. Qe2 c5 12. Nc2 e6 13. Bf4 exd5 14. cxd5 b5 15. b4
Nh5 16. Bd2 Nc4 17. Rad1 Rc8 18. Be1 a5 19. bxc5 Rxc5 20. Nd4 b4 21. Nb1 Qb6
22. Nc6 Nf6 23. Nd2 Nxd5 0-1

[Event "FIDE WCC Rapid Open 2019"]
[Site "Moscow"]
[Date "2019.12.26"]
[Round "3.18"]
[White "Dubov, Daniil"]
[Black "Najer, Evgeniy"]
[Result "1-0"]
[WhiteElo "2752"]
[BlackElo "2626"]
[Annotator "TA"]
[PlyCount "57"]
[EventDate "2019.12.26"]
[EventType "swiss"]
[EventCountry "RUS"]
[Tiebreak "Cut2 Buchholz+Sum of Buchholz"]
[SourceTitle "playchess.com"]
[Source "ChessBase"]
[SourceQuality "1"]

1. d4 Nf6 2. c4 e6 3. Nf3 d5 4. g3 Bb4+ 5. Nc3 O-O 6. Bg2 dxc4 7. O-O Nc6 8.
Qa4 Nd5 9. Qc2 Be7 10. Rd1 Ncb4 11. Qd2 c5 12. dxc5 Qc7 13. a3 Na6 14. Qc2 Nxc5
15. Nxd5 exd5 16. Bf4 Qb6 17. Rxd5 Be6 18. Ng5 Bxg5 19. Rxg5 f6 20. Rh5 g6 21.
Rh6 Kg7 22. Rh4 Rf7 23. Bh6+ Kg8 24. Be3 Qb3 25. Qxb3 Nxb3 26. Rd1 Re7 27. Re4
Kf7 28. Rd6 f5 29. Re5 1-0

[Event "FIDE WCC Rapid Open 2019"]
[Site "Moscow"]
[Date "2019.12.26"]
[Round "3.23"]
[White "Yu, Yangyi"]
[Black "Grachev, Boris"]
[Result "0-1"]
[WhiteElo "2747"]
[BlackElo "2606"]
[Annotator "TA"]
[PlyCount "78"]
[EventDate "2019.12.26"]
[EventType "swiss"]
[EventCountry "RUS"]
[Tiebreak "Cut2 Buchholz+Sum of Buchholz"]
[SourceTitle "playchess.com"]
[Source "ChessBase"]
[SourceQuality "1"]

1. d4 d5 2. c4 e6 3. Nc3 a6 4. cxd5 exd5 5. Qb3 c5 6. e4 Nc6 7. Nf3 c4 8. Qc2
Bb4 9. a3 Bxc3+ 10. bxc3 Nge7 11. Be2 O-O 12. e5 Bf5 13. Qb2 h6 14. O-O Na5 15.
Be3 b5 16. Rae1 Qd7 17. Nh4 Bd3 18. f4 Nf5 19. Bg4 Nc6 20. Rf3 Nce7 21. Bf2
Rac8 22. Qb4 Rc6 23. Rh3 Ra8 24. Qb2 Rb6 25. Qd2 a5 26. Rxd3 cxd3 27. Qxd3 g6
28. Bh3 b4 29. cxb4 axb4 30. axb4 Qb5 31. Qd1 Qxb4 32. Nxf5 Nxf5 33. g4 Ng7 34.
f5 Ra2 35. Qf3 Ra3 36. Re3 Rxe3 37. Qxe3 Qb1+ 38. Bf1 gxf5 39. Qf3 fxg4 0-1

[Event "FIDE WCC Rapid Open 2019"]
[Site "Moscow"]
[Date "2019.12.26"]
[Round "3.27"]
[White "Sargissian, Gabriel"]
[Black "Grigoriants, Sergey"]
[Result "1-0"]
[WhiteElo "2715"]
[BlackElo "2603"]
[Annotator "TA"]
[PlyCount "87"]
[EventDate "2019.12.26"]
[EventType "swiss"]
[EventCountry "RUS"]
[Tiebreak "Cut2 Buchholz+Sum of Buchholz"]
[SourceTitle "playchess.com"]
[Source "ChessBase"]
[SourceQuality "1"]

1. d4 Nf6 2. c4 e6 3. Nf3 d5 4. g3 Bb4+ 5. Bd2 Be7 6. Bg2 O-O 7. O-O Nbd7 8.
Qc2 Ne4 9. Bf4 c6 10. Nc3 g5 11. Be3 Nd6 12. b3 f5 13. Qc1 Nf7 14. Na4 Bf6 15.
Nb2 Qe7 16. Nd3 g4 17. Nfe1 Bg7 18. Nf4 dxc4 19. Qxc4 Nb6 20. Qc2 Nd5 21. Nxd5
exd5 22. Nd3 Nd6 23. Rad1 Be6 24. Qc1 Rfe8 25. Bg5 Qf7 26. Bf4 Qe7 27. Be5 Bf8
28. f3 Nf7 29. f4 Rad8 30. h3 gxh3 31. Bxh3 h5 32. Bg2 Nh6 33. Bf3 Bf7 34. Kf2
Bg6 35. Rh1 Qf7 36. Ne1 Ng4+ 37. Kg1 c5 38. Ng2 Rc8 39. Qd2 b6 40. Ne3 Red8 41.
Bxg4 fxg4 42. f5 Bh7 43. Nxg4 hxg4 44. Rh4 1-0

[Event "FIDE WCC Rapid Open 2019"]
[Site "Moscow"]
[Date "2019.12.26"]
[Round "3.29"]
[White "Safarli, Eltaj"]
[Black "Quparadze, Giga"]
[Result "1-0"]
[WhiteElo "2709"]
[BlackElo "2595"]
[Annotator "TA"]
[PlyCount "71"]
[EventDate "2019.12.26"]
[EventType "swiss"]
[EventCountry "RUS"]
[Tiebreak "Cut2 Buchholz+Sum of Buchholz"]
[SourceTitle "playchess.com"]
[Source "ChessBase"]
[SourceQuality "1"]

1. e4 c5 2. Nc3 e6 3. Nf3 a6 4. d4 cxd4 5. Nxd4 Qc7 6. Bd3 Bc5 7. Be3 Nf6 8.
O-O d6 9. Re1 Nc6 10. Nxc6 Qxc6 11. Bg5 Bd4 12. Qd2 h6 13. Bh4 g5 14. Bg3 Be5
15. a4 O-O 16. f4 gxf4 17. Bxf4 Ng4 18. Rf1 Qc5+ 19. Kh1 Bxf4 20. Qxf4 Qg5 21.
Qxd6 Qe5 22. Qxe5 Nxe5 23. Rae1 Rd8 24. Re3 Rd4 25. Rg3+ Kf8 26. b3 Bd7 27. Ne2
Rd6 28. Rf6 Ke7 29. Rxh6 Rc8 30. h4 Nxd3 31. cxd3 Rc2 32. Nf4 Rc3 33. h5 Rxb3
34. Rh8 Rb1+ 35. Kh2 Rf1 36. Rf3 1-0